The aproached to the spanish drama of the golden age

Tallennettuna:
Bibliografiset tiedot
Päätekijä: Parker, A.A
Aineistotyyppi: Kirja
Kieli:Undetermined
Julkaistu: Cambridge, Reino Unido Heffer & Sons 1957
Aiheet:
Tagit: Lisää tagi
Ei tageja, Lisää ensimmäinen tagi!

MARC

LEADER 00000nam a2200000Ia 4500
008 170316s9999 xx 000 0 und d
040 |a cru BVZT 
090 |a 820 P-2d 
100 |a Parker, A.A. 
245 4 |a The aproached to the spanish drama of the golden age 
260 |a Cambridge, Reino Unido 
260 |b Heffer & Sons 
260 |c 1957 
300 |a 27 páginas 
650 |a LITERATURA INGLESA 
999 |c 7047  |d 7047 
942 |c 15 D  |h 820 P-2d  |2 z